| 000 | 00820nam a2200205 a 4500 | ||
|---|---|---|---|
| 999 |
_c7615 _d7615 |
||
| 003 | OSt | ||
| 005 | 20260515062531.0 | ||
| 008 | A00321s1972 sp 000 spa | ||
| 016 | _aDL M15964-1974 | ||
| 040 |
_bcat _cCDMR |
||
| 100 |
_aMedín, Félix _94808 |
||
| 245 | 1 | 0 |
_aLa violencia en las lecturas infantiles y juveniles: [V curso para la obtención del diploma en publicaciones infantiles y juveniles, Madrid 12 febrero-8 marzo 1973] / _cpor Félix Medín García |
| 260 |
_aMadrid : _bPublicaciones de la Secretaría de la Escuela de Periodismo, _c1974 |
||
| 300 |
_a20 pàgines _c; 22 cm |
||
| 650 | 0 | 0 |
_aRevistes infantils _94166 |
| 650 | 0 | 0 |
_aRevistes juvenils _94803 |
| 650 | 0 | 0 |
_aViolència en els mitjans de comunicació de massa _92772 |
| 710 | 2 |
_aEscuela Oficial de Periodismo _92816 |
|
| 942 |
_2udc _cFULLET |
||